000 00706nam a2200217Ia 4500
003 GCL
008 140319s9999 xx 000 0 ara d
040 _aGCL /
_cGCL
082 0 4 _a910.202
_bع ت
100 1 _aعبدالرحمن سليم
245 1 0 _aالتنمية الاقتصادية والاجتماعية من خلال العمل السياحى /
_cعبدالرحمن سليم
260 _a[S.N] :
_bوزارة السياحة
300 _a189 ص
490 _a
650 0 4 _aالتنمية الاجتماعية
650 0 4 _aالتنمية الاقتصادية
650 0 4 _aالسياحة
650 0 4 _aاقتصاديات
650 0 4 _aالسياحة والدولة
942 _2ddc
_cBK
999 _c36129
_d36129